000 00793nam a2200193 i 4500
001 133562
003 ES-MaACL
005 20230906194443.0
007 t|
008 070821s1887 xxu ||||1| eng d
100 1 _aStevenson, John James.
_9108167
245 1 0 _aNotes on the Lower Carboniferous groups along the easterly side of the Appalachian area in Pennsylvania and the Virginia /
_cby John J. Stevenson.
260 _a[S.l. :
_bs.n.,
_c1887?]
300 _ap. [37]-44 ;
_c23 cm.
500 _aSin portada.
500 _aPrecede al tít.: From the American Journal of Science, vol. XXXIV, july, 1887.
650 4 _aGeología-
_zVirginia.
_9157302
852 _aES-MaACL
_jT-901-F-2
_z.- Legado de Federico de Botella y de Hornos
_z.- Enc. en un vol. facticio falto de la cub. original
999 _c133562
_d133562